Mechanical measurements (Record no. 272)

MARC details
000 -LEADER
Fixed length control field 00450nam a2200169 4500
003 - CONTROL NUMBER IDENTIFIER
Control field SEACOMEC
005 - DATE AND TIME OF LATEST TRANSACTION
Control field 20231221125518.0
008 - FIXED-LENGTH DATA ELEMENTS--GENERAL INFORMATION
Fixed length control field 231221b |||||||| |||| 00| 0 eng d
040 ## - CATALOGING SOURCE
Original cataloging agency SEACOMEC
082 1# - DEWEY DECIMAL CLASSIFICATION NUMBER
Classification number 621.0287
Book Number B397
100 1# - MAIN ENTRY--PERSONAL NAME
Personal name Applied sciences,Applied physics
245 1# - TITLE STATEMENT
Title Mechanical measurements
Statement of responsibility Thomas G. Maragmi
250 1# - EDITION STATEMENT
Edition statement 5 th ed.
260 1# - IMPRINT
Place of publication Delhi
Name of publisher Pearson
Date of publication 2004
650 ## - SUBJECT ADDED ENTRY--TOPICAL TERM
Topical term Applied sciences,Applied physics
942 ## - ADDED ENTRY ELEMENTS (KOHA)
Koha item type Books
Holdings
Withdrawn status Lost status Source of classification Damaged status Not for loan Home library Current library Date acquired Total Checkouts Call number Accession number Date last seen Copy number Price effective from Koha item type
    Dewey Decimal Classification     SEACOM ENGINEERING COLLEGE SEACOM ENGINEERING COLLEGE 01/06/2006   621.0287 B397 00335 21/12/2023 1 21/12/2023 Books
© Seacom Engineering College, All rights reserved.      Powered by Koha